000
00312 a2200121 4500
000
nam a22 7a 4500
005
20260325105803.0
020
_a
9781682855836
100
_a
Sherley Benson
_9
1231841
245
_a
Sensors: Modeling, Design and Applications
260
_b
Willford Press
_c
2019
942
_c
AUD
999
_c
1843501
_d
1843501